Délmagyarország. - 1933. május 17., Szerda
Elmentve itt :
| Dokumentumtípus: | Újság |
|---|---|
| Megjelent: |
1933-05-17
|
| Sorozat: | Délmagyarország
9 No. 111 |
| Online Access: | http://dmarchiv.bibl.u-szeged.hu/7074 |
| LEADER | 00484nas a2200145 i 4500 | ||
|---|---|---|---|
| 001 | delm7074 | ||
| 005 | 20200414153402.0 | ||
| 008 | 171214s1933 hu n o 0|| hun d | ||
| 022 | |a 0133-025X | ||
| 040 | |a SZTE Délmagyarország Archívum |b hun | ||
| 041 | |a hun | ||
| 245 | 0 | 0 | |a Délmagyarország. - 1933. május 17., Szerda |h [elektronikus dokumentum] |
| 260 | |c 1933-05-17 | ||
| 490 | 0 | |a Délmagyarország |v 9 No. 111 | |
| 856 | 4 | 0 | |u http://dmarchiv.bibl.u-szeged.hu/7074/1/dm_1933_111.pdf |z Dokumentum-elérés |